Four's Company - Statistics

General Stats
  • This quiz has been taken 131 times
  • The average score is 10 of 16
Answer Stats
Famous Fours Group % Correct
Spring, Summer, Autumn and {Winter} Seasons
100%
North, West, South and {East} Cardinal Directions
92%
Mercury, Venus, Earth and {Mars} Inner Planets
90%
Earth, Fire, Air and {Water} Classical Elements
89%
England, Northern Ireland, Scotland and {Wales} Kingdoms
89%
Dorothy, Scarecrow, Cowardly Lion and {Tin Man} Wizard of Oz
77%
Hearts, Spades, Diamonds and {Clubs} Suits of Playing Cards
76%
Leonardo, Donatello, Michelangelo and {Raphael} Ninja Turtles
75%
John, Paul, George and {Ringo} The Beatles
67%
Matthew, Mark, John and {Luke} Four Evangelists
65%
Conquest, Death, War and {Famine} Horsemen
45%
South Korea, Hong Kong, Taiwan and {Singapore} Asian Tigers(Economic)
37%
Compass, Paper, Printing and {Gunpowder} Four Great ChineseInventions
32%
Yellow Bile, Black Bile, Phlegm and {Blood} Humors
31%
Cytosine, Guanine, Thymine and {Adenine} DNA Base
27%
Harpo, Chico, Zeppo and {Groucho} Marx Brothers
25%
No matching quizzes found
Score Distribution
Percent of People with Each Score
Percentile by Number Answered
Your Score History
You have not taken this quiz